Legislación presupuestaria : (estatal y local) / edición preparada por Andrés Jiménez Díaz, Ascensión Molina Vaquero (estatal y local) / edición preparada por Andrés Jiménez Díaz, Ascensión Molina Vaquero
ISBN:
84-470-1951-9
Descripción Física:
310 p. ; 17 cm
Colección:
Biblioteca de Legislación
MARC
| LEADER | 00000nam a2200000Ia 4500 | ||
|---|---|---|---|
| 001 | 18166 | ||
| 008 | 160829s2003 xx 000 0 cat d | ||
| 020 | |a 84-470-1951-9 | ||
| 080 | |a D-3-109 | ||
| 100 | |a Espanya. Lleis, etc. |9 23269 | ||
| 245 | |a Legislación presupuestaria : |b (estatal y local) / edición preparada por Andrés Jiménez Díaz, Ascensión Molina Vaquero | ||
| 260 | |a Madrid : |b Civitas, |c 2003 | ||
| 300 | |a 310 p. ; |c 17 cm | ||
| 490 | |a Biblioteca de Legislación | ||
| 650 | 0 | |a Finances locals |x Dret i legislació |x Espanya |9 23875 | |
| 650 | 0 | |a Pressupost |z Espanya |x Dret i legislació |9 28902 | |
| 700 | 1 | |a Jiménez Díaz, Andrés |9 28228 | |
| 700 | |a Molina Vaquero, Ascensión, ed. |9 28229 | ||
| 901 | |a Arxiu | ||
| 942 | |n 1 | ||
| 952 | |0 1 |1 0 |2 udc |4 0 |5 2 |6 D3109 |7 1 |9 44730 |a Arxiu |b Arxiu |d 2016-12-01 |l 0 |o D-3-109 |p 18166 |r 2016-12-01 00:00:00 |w 2016-12-01 |y ARXIU | ||
| 999 | |c 47312 |d 47312 | ||